Practice writing

Spremljeno u:
Bibliografski detalji
Format: Knjiga
Izdano: 1986
Oznake: Dodaj oznaku
Bez oznaka, Budi prvi tko označuje ovaj zapis!
Thư viện lưu trữ: Mạng thư viện Đại học Đà Nẵng
LEADER 00425nam a22001811a 4500
001 000038004
003 14299
005 20160412021211.0
008 160412s1986 000
082 |a 4A(07)1520 
245 |a Practice writing  |c Mary Stephens 
260 |c 1986 
OWN |a LNN 
999 |a From the UDN01 
TYP |a Monograph 
980 |a Mạng thư viện Đại học Đà Nẵng